अभिनव व्यावहारिक पत्र-लेखन / (Record no. 65835)

MARC details
000 -LEADER
fixed length control field 00739nam a22002057a 4500
005 - DATE AND TIME OF LATEST TRANSACTION
control field 20170828141854.0
010 ## - LCCN (DPL NO)
LC control number
020 ## - INTERNATIONAL STANDARD BOOK NUMBER
International Standard Book Number
Terms of availability 160.00
035 ## - SYSTEM CONTROL NUMBER
System control number B-057758
037 ## - SOURCE OF ACQUISITION
Source of stock number/acquisition PUB
082 ## - DEWEY DECIMAL CLASSIFICATION NUMBER
Classification number 425
100 ## - MAIN ENTRY--PERSONAL NAME
Personal name अनिल सिंह
245 ## - TITLE STATEMENT
Title अभिनव व्यावहारिक पत्र-लेखन /
Statement of responsibility, etc अनिल सिंह
260 ## - PUBLICATION, DISTRIBUTION, ETC. (IMPRINT)
Place of publication, distribution, etc उल्हासनगर
Name of publisher, distributor, etc ज्योति प्रकाशन
Date of publication, distribution, etc 1999
270 ## - ADDRESS
Address
City
Postal code
Telephone number
300 ## - PHYSICAL DESCRIPTION
Extent 208पृ.
Dimensions 22सेमी (सजिल्द)
650 ## - SUBJECT ADDED ENTRY--TOPICAL TERM
Topical term or geographic name as entry element हिन्दी भाषा
General subdivision व्याकरण
700 ## - ADDED ENTRY--PERSONAL NAME
Personal name कौशिक, ओमप्रकाश
9 (RLIN) 45986
942 ## - ADDED ENTRY ELEMENTS (KOHA)
Source of classification or shelving scheme Dewey Decimal Classification
Item type Hindi Books
Call number suffix अनिल
Classification part 425
Holdings
Withdrawn status Lost status Not for loan Collection code Home library Current library Date acquired Cost, normal purchase price Full call number Barcode Cost, replacement price Koha item type
      Non-fiction Sarojini Nagar Sarojini Nagar 30/04/2012 160.00 425 अनिल B-057758 160.00 Hindi Books

© Delhi Public Library
Hit Counter
free hit counter